Tintin : personnages qui portent des lunettes (mort subite) - Statistiques

Statistiques générales
  • Ce quiz a été pris 81 fois
  • Le résultat moyen est 10 sur 16
Answers on the Grid
Answers color-coded by a green-red scale on the quiz's grid according to % correct below.
Tournesol
Mitsuhirato
Nestor
Irma
Séraphin Lampion
Carreidas
La Castafiore
Professeur Calys
Paul Cantonneau
Le migou
Aristide Filoselle
Igor Wagner
Fan Se-Yeng
Ben Kalish Ezab
Philippulus
Walter Rizotto
Professeur Siclone
Bobby Smiles
Wang Jen-Ghié
Baxter
 
Statistiques - réponses
Réponse % Correct
Tournesol
91%
Mitsuhirato
67%
Professeur Siclone
63%
Bobby Smiles
61%
Carreidas
61%
Professeur Calys
61%
Igor Wagner
59%
Wang Jen-Ghié
59%
Baxter
57%
Fan Se-Yeng
57%
Irma
57%
Paul Cantonneau
57%
Aristide Filoselle
52%
Ben Kalish Ezab
52%
Walter Rizotto
52%
Philippulus
50%
Aucun quiz correspondant
Distribution des résultats
% des personnes avec chaque résultat
Percentile par nombre de réponses
Votre historique - résultats
Vous n’avez pas pris ce quiz